Statistiques concernant Quiz culture général Facile #1

Cliquez ici pour prendre le quiz!

Statistiques générales

  • Ce quiz a été pris 471 fois
  • Le résultat moyen est 12 sur 13

Statistiques - réponses

QuestionRéponse% Correct
Comment appelle-t-on l'explosion qui serait à l'origine de l'expansion de l'Univers ?Le Big Bang
99%
Comment s'appelle le frère de Mario, le héros de jeux vidéo ?Luigi
97%
Comment appelle-t-on le petit de la brebis ?Un agneau
97%
À combien est égale la moitié de 2x2 ?2
94%
Que signifie en français le mot "Guten Tag" en allemand, "kalimera" en grec, "buongiorno" en italien ?Bonjour
94%
Comment s'appellent les deux petits points placés sur le "i" du mot "astéroïde" ?Un tréma
94%
D'après la chanson de France Gall : "Qui a eu cette idée folle un jour d'inventer l'école " ?Charlemagne
93%
Dans quelle articulation du corps humain se situe la rotule ?Le genou
92%
Comment s'appelle l'ami lapin de Bambi ?Pan Pan
92%
Complétez l'expression : "Mettre du beurre dans les...Epinards
88%
Combien de canines comporte la denture d'un homme adulte ?4
86%
À la plage, quelle pièce de tissu d'inspiration tahitienne peut-on nouer par-dessus son maillot de bain ?Un paréo
82%
M.J.C. est l'abréviation de "Maison des Jeunes et de...La culture
56%

Distribution des résultats

Percentile par nombre de réponses

% des personnes avec chaque résultat

Votre développement - résultats

Vous n’avez pas pris ce quiz